000 00623cab a2200193 4500
001 ABS41029
008 090401t1989 xxu||||| |||| 00| 0 eng d
035 _a(Sirsi) u27659
041 _aeng
100 _aSnobel, A.
245 _aBuyers guide to paradise
260 _c1989
350 _a0
490 _aProperty Director
_vSummer 1989, 48-53(3)
520 _aExamines the pitfalls of buying property overseas as an investment and looks at the best types of premises to buy. Also gives an analysis of the costs of buying a specific apartment in Spain .
690 _aOVERSEAS
942 _n0
948 _c04/03/1997
999 _c18625
_d18625